000 01179nam0a22003371 4500
001 rc\2214304
005 20110826162913.0
035 _a(NLR Aleph) 006540692
090 _a6633193
_c6633193
100 _a20110826d1978 |||y0rusy50 ca
101 0 _arus
102 _aRU
105 _aa z |||||
200 1 _aПрогрессивные методы в машиностроении
_f[Бойков П.И., Ксеневич И.П., Солонский А.С. и др.
_gРедкол.: П.И. Бойков (отв. ред.) и др.]
210 _aМинск
_cНаука и техника
_d1978
215 _a352 с.
_cил.
_d22
300 _aАвт. указаны в огл.
320 _aБиблиогр.: с. 343-347
606 _aМашиностроение
_2psbo
686 _aК4,07
_2rubbk
686 _aО34,07
_2rubbk
701 1 _aКсеневич
_bИ. П.
701 1 _aСолонский
_bА. С.
701 1 _aБойков
_bП. И.
_gПетр Иванович
_4340
801 0 _aRU
_bNLR
_gpsbo
801 1 _aRU
_bELAR
_2rusmarc
852 _aNLR
_j79-5/1923
899 _aRuMoRGB
_jБ 79-5/55
899 _aRuMoRGB
_jБ 79-5/56
942 _cBOOK
980 _aNB